PC hardware : (Record no. 7176)
[ view plain ]
| 000 -LEADER | |
|---|---|
| fixed length control field | 00723cam a22002172 4500 |
| 001 - CONTROL NUMBER | |
| control field | 0000006048 |
| 005 - DATE AND TIME OF LATEST TRANSACTION | |
| control field | 20151217152011.0 |
| 008 - FIXED-LENGTH DATA ELEMENTS--GENERAL INFORMATION | |
| fixed length control field | 070912s xx 000 0 eng d |
| 020 ## - INTERNATIONAL STANDARD BOOK NUMBER | |
| International Standard Book Number | 0070436061 : |
| Terms of availability | KES 3,650 |
| 040 ## - CATALOGING SOURCE | |
| Original cataloging agency | KABU |
| Transcribing agency | KABU |
| 100 1# - MAIN ENTRY--PERSONAL NAME | |
| Personal name | Zacker, Craig. |
| -- | 0000157412 |
| 245 10 - TITLE STATEMENT | |
| Title | PC hardware : |
| Remainder of title | the complete reference / |
| Statement of responsibility, etc. | Craig Zacker and John Rourke. |
| 260 ## - PUBLICATION, DISTRIBUTION, ETC. (IMPRINT) | |
| Place of publication, distribution, etc. | New Delhi : |
| Name of publisher, distributor, etc. | Tata McGraw-Hill, |
| Date of publication, distribution, etc. | 2001. |
| 300 ## - PHYSICAL DESCRIPTION | |
| Extent | XXI, 697 p. + |
| Accompanying material | 1 CD-ROM. |
| 650 #0 - SUBJECT ADDED ENTRY--TOPICAL TERM | |
| Topical term or geographic name as entry element | Microcomputers |
| General subdivision | Maitainance and repair. |
| -- | 0000157413 |
| 700 1# - ADDED ENTRY--PERSONAL NAME | |
| Personal name | Rourke, John. |
| -- | 0000157414 |
| 852 1# - LOCATION | |
| -- | p5148 KES |
| 908 ## - PUT COMMAND PARAMETER (RLIN) | |
| Put command parameter | 070912 |
| 950 ## - LOCAL HOLDINGS (RLIN) | |
| -- | 1 |
| Withdrawn status | Lost status | Source of classification or shelving scheme | Not for loan | Home library | Current library | Date acquired | Total Checkouts | Full call number | Barcode | Date last seen | Price effective from | Koha item type |
|---|---|---|---|---|---|---|---|---|---|---|---|---|
| Library of Congress Classification | Kabarak, Main Campus | Kabarak, Main Campus | 17/12/2015 | TK7887 Z33 c. 1 | 005082 | 17/12/2015 | 17/12/2015 | General Collection | ||||
| Library of Congress Classification | Kabarak, Main Campus | Kabarak, Main Campus | 17/12/2015 | TK7887 Z33 c. 2 | 17681 | 17/12/2015 | 17/12/2015 | General Collection |